Statistics for guess the percy jackson characters

Click here to take the quiz!

General Stats

  • This quiz has been taken 80 times
  • The average score is 8 of 9

Answer Stats

Answer% Correct
percy
100%
annabeth
99%
grover
99%
jason
93%
nico
92%
leo
90%
piper
88%
frank
86%
hazel
81%

Score Distribution

Percentile by Number Answered

Percent of People with Each Score

Your Score History

You have not taken this quiz